Genetika /

Hlavní autor: Graham, Ian, 1953-
Jazyk: Čeština
Vydáno: Brno : Computer Press, 2003
Vydání: Vyd. 1.
Edice: Věda & technika
Témata:
Externí odkaz: Digitalizovaný dokument
Fyzický popis: 29 s. : barev. il., portréty ; 25 cm
Knihy
Uloženo v:
LEADER 01187nam a2200349 a 4500
001 000682141
003 CZ BrMZK
005 20140822150248.0
007 ta
008 030815s2003 xr ac e f 000 0 cze d
015 |a cnb001254490 
020 |a 80-7226-941-0  |q (váz.) 
035 |a (OCoLC)56869253 
040 |a BOA001  |b cze 
041 1 |a cze  |h eng 
072 7 |a 575  |x Obecná genetika. Obecná cytogenetika. Evoluce  |2 Konspekt  |9 2 
080 |a 575  |2 MRF 
080 |a (0.062)  |2 MRF 
100 1 |a Graham, Ian,  |d 1953-  |7 jn20000602262  |4 aut 
245 1 0 |a Genetika /  |c Ian Graham 
250 |a Vyd. 1. 
260 |a Brno :  |b Computer Press,  |c 2003 
300 |a 29 s. :  |b barev. il., portréty ;  |c 25 cm 
490 1 |a Věda & technika 
500 |a Překlad z angličtiny 
650 0 7 |a genetika  |7 ph114609  |2 czenas 
655 7 |a populárně-naučné publikace  |7 fd131864  |2 czenas 
830 0 |a Věda & technika 
856 4 1 |u http://www.digitalniknihovna.cz/mzk/uuid/uuid:18662990-958e-11e3-8e84-005056827e51  |y Digitalizovaný dokument  |x NDK 
910 |a BOA001  |b 2-1122.663 
990 |a BK 
996 6 |b 2610196810  |c 2-1122.663  |l MZK  |r Sklad / do 1 hodiny  |n 7  |p p.v.  |w 000682141  |u 000010  |a 1  |e BOA001  |j MZK50  |s P